000 00838cam a22002054a 4500
005 20250605164353.0
008 250528s ||||||||||||||||||||||||d
035 _a24170
020 _a904187800
040 _aGR-AtMCL
_bgre
_dGR-AtMCL
_eAACR2
245 1 _aFoundations of Being: Understanding Young Children's Emotional Personal and Social Development
260 _aEngland,
_c2017
300 _a88
520 _aThinking about Personal and Social and Emotional Development, Finding Out about Feelings, Trusting Relationships, Becoming Somebody, Being Who I am, Understanding Other People, Learning about the Social World, Nurturing Wellbeing, Bibliography.
700 1 _aManning-Morton Julia
_99422
942 _cBK
710 2 _aThe British Association For Early Childhood Education
_99826
999 _c9066
_d9066